Normal view
MARC view
- Oldfield Mike
Entry Personal Name
001 - CONTROL NUMBER
- control field: 6505
003 - CONTROL NUMBER IDENTIFIER
- control field: IT-RoPau
005 - DATE AND TIME OF LATEST TRANSACTION
- control field: 20131220115757.0
008 - FIXED-LENGTH DATA ELEMENTS
- fixed length control field: 131220|| aca||aabn | a|a d
040 ## - CATALOGING SOURCE
- Original cataloging agency: IT-RoPau
- Transcribing agency: IT-RoPau
100 ## - HEADING--PERSONAL NAME
- Personal name: Oldfield Mike
- Dates associated with a name: Codice autore musica SPICS: 8107
- Relator term: Autore musica
- Name of part/section of a work: Tubular Bells (From the Film the Exorcist)
670 ## - SOURCE DATA FOUND
- Source citation: Work cat.: (IT-RoPau)99961: AA.VV. 794, Film Themes vol. 12 (Lp Vpas 927)